| 000 | 01794nam a2200313 a 4500 | ||
|---|---|---|---|
| 001 | 948215 | ||
| 003 | AM-YEHGA | ||
| 005 | 20260415143547.0 | ||
| 008 | 150320m18821883ru |||||r|||||||0|0|rus|d | ||
| 040 | _aAM-YeHGA | ||
| 041 | 1 |
_arus _heng |
|
| 100 | 1 |
_aМагаффи, Джон Пентланд, _d1839-1919 |
|
| 245 | 1 | 0 |
_aИстория классического периода греческой литературы : _b[Т. 1-2] / _cДж. П. Магаффи, проф. Дублин. ун-та; Пер. Александры Веселовской. |
| 260 |
_aМосква : _bИзд. К.Т. Солдатенкова, _c1882-1883. _fТип. М.П. Щепкина. |
||
| 300 |
_aтом ; _c22 см. |
||
| 500 | _aУказ. личн. имен в обоих томах в конце т. 2. | ||
| 504 | _aБиблиогр. в подстроч. примеч. | ||
| 505 | 1 | 0 |
_gТ. 1 (1882, VIII, 460, 32 с.) : _tПоэзия : (С прилож. ст. проф. Сэйса о поэмах Гомера) |
| 600 | 1 | 4 |
_aГомер _dIX век до н. э- VIII век до н. э |
| 650 | 1 | 4 |
_aХудожественная литература _94918 |
| 650 | 1 | 4 |
_aМировая литература _xЛитература древнего мира |
| 650 | 1 | 4 |
_aАнтичная литература _zГреция |
| 650 | 1 | 4 |
_aГреческая литература _xИстория литературы _d5 - 4 в. до н.э. |
| 650 | 1 | 4 | _aИдейно-художественные особенности античной литературы |
| 653 | 0 | _aПоэзия древнегреческая | |
| 653 | 0 | _aПроза древнегреческая | |
| 700 | 1 |
_aВеселовская, Александра Адольфовна, _d1840-1910 _eпер _4trl |
|
| 942 |
_2udc _cBK |
||
| 999 |
_c541637 _d541637 |
||